000 00505nam a2200181Ia 4500
008 090124s9999 xx 000 0 und d
082 _b6674
_a1839
100 _aहडप वि.वा.
245 _a पेशवाईवर सावट
250 _a1
260 _c1945
300 _a232
600 _aहडप वि.वा.
630 _a पेशवाईवर सावट
700 _aहडप वि.वा.
730 _a पेशवाईवर सावट
942 _cBOOK
999 _c120615
_d120615